000
00265nam a2200109 a 4500
005
20141022142002.0
008
120307s19uu xx 00 eng d
050
_a
CD
_b
B74 2005
245
_a
Breath sounds :
_b
made incredibly easy.
260
_c
2005.
942
_c
AVM
999
_c
276344
_d
276344